000 01147nam a2200241Ia 4500
003 IN-BaIIA
008 211028s9999 xx 000 0 eng d
020 _a90-277-2114-9
040 _cIIA Library
080 _a082.2:52
_bIAU-S112
111 _aSymposium of the International Astronomical Union on the Search for Extraterrestrial Life, Recent Developmnents
_n112th
_cBoston
_d1984 June 18-21
_914456
245 4 _aThe search for extraterrestrial life: recent developmnents
_bproceedings of the 112th Symposium of the international Astronomical Union on the search for extraterrestrial life, recent developmnents held at Boston University, Boston, Mass., U.S.A., June 18–21, 1984
_cedited by Michael D Papagiannis
260 _aDordrecht
_bD. Reidel Publishing
_c1985
300 _axxv, 579p.
650 _aAstrometry
650 _aAstronomical photometry
650 _aAstronomical techniques
_91786
650 _aAstronomy and Astrophysics thesaurus
650 _aStellar quantities Calibration
_914457
700 _aPapagiannis, Michael D., ed.
_910697
710 _aBoston Univeristy
_914458
942 _cBK
999 _c8612
_d8612